00969nam a2200265Ia 4500001001000000003000500010008004100015010001100056040000900067090002700076110004500103245007500148250000600223260003500229300001000264650017300274901002700447902000600474905006300480910000900543942000900552942001200561999001900573952011100592Para_2529CHAP220125s1980 xx 000 0 und d a201044 cCHAP aPA FOLLETO 3009 (1980) aCiba Geigy. Agricultural Dvision9165902 aProtección de las plantas /c por Ciba Geigy. Agricultural Division a3 aBasilea, Suiza :b Ciba Geigy a65 p. aPlantas x Resistencia plagas Plantas x Resistencia a enfermedades Insecticidas x Efecto en plantas Pesticidas x Efecto en plantas Herbicidas Fungicidas9165903 aPA FOLLETO 3009 (1980) aA a0000001980 BASa 0000000000 00 a1980 cPARA cPARAd1 c201044d201044 00102local40708FOLLaPAbPAc12d2005-10-27fPARAl0pPA_149r2022-01-25 00:00:00w2022-01-25yFOLLz3